LIBRARY & INFORMATION CENTRE, KCAET, TAVANUR

ONLINE PUBLIC ACCESS CATALOGUE (OPAC)

Guidelines for installation, maintenance and observation of deformation measuring devices in concrete and masonry dam IS: 10434(Part-I)-1982 (Record no. 7171)

MARC details
000 -LEADER
fixed length control field 00953cam a2200145ua 4500
041 ## - LANGUAGE CODE
Language code of text/sound track or separate title eng
082 ## - DEWEY DECIMAL CLASSIFICATION NUMBER
Classification number 627.8
Item number IND/GU
245 ## - TITLE STATEMENT
Title Guidelines for installation, maintenance and observation of deformation measuring devices in concrete and masonry dam IS: 10434(Part-I)-1982
260 ## - PUBLICATION, DISTRIBUTION, ETC. (IMPRINT)
Place of publication New Delhi :
Name of publisher Indian Standards Institution ,
Year of publication 1983.
300 ## - PHYSICAL DESCRIPTION
Number of Pages 19 ; .
942 ## - ADDED ENTRY ELEMENTS (KOHA)
Koha item type Books
Holdings
Withdrawn status Lost status Damaged status Home library Current library Date acquired Full call number Accession Number Koha item type
      KAUAET KAUAET 07/04/2012 627.8 17203 Standards
free website counter